[Event "Katowice POL-HUN 5th"]
[Site "Katowice"]
[Date "2017.05.20"]
[Round "4"]
[White "Jakubiec, Artur"]
[Black "Gondzik, Dawid"]
[Result "1-0"]
[WhiteElo "2500"]
[BlackElo "2103"]
[PlyCount "83"]
[EventDate "2017.05.20"]
[EventType "swiss (rapid)"]
[EventRounds "9"]
[EventCountry "POL"]
[SourceTitle "CBM 178 Extra"]
[Source "ChessBase"]
[SourceDate "2017.06.22"]
[SourceVersion "1"]
[SourceVersionDate "2017.06.22"]
[SourceQuality "1"]

1. f4 d5 2. Nf3 c5 3. g3 g6 4. Bg2 Bg7 5. 0-0 Nc6 6. d3 Nh6 7. e3 0-0 8. c3 b6 9. Qa4 Bb7 10. e4 d4 11. Qd1 dxc3 12. bxc3 Ba6 13. Ne1 Qd7 14. e5 Rad8 15. Qa4 Bb7 16. Nd2 f6 17. Ndf3 Ng4 18. h3 Nh6 19. Rb1 fxe5 20. fxe5 Nxe5 21. Qxa7 Nxf3+ 22. Nxf3 Bxf3 23. Qxd7 Rxd7 24. Bxf3 Rxd3 25. Kg2 Nf5 26. Rxb6 Rxc3 27. Bd2 Ne3+ 28. Bxe3 Rxe3 29. Bd5+ Kh8 30. Rxf8+ Bxf8 31. Rb8 Kg7 32. Kf2 Rd3 33. Bb3 Rc3 34. Be6 Kf6 35. Rb6 Kg7 36. a4 Ra3 37. Ra6 h6 38. Ra8 Kf6 39. Bc4 Kg7 40. a5 e5 41. a6 Ra4 42. a7 1-0

[Event "POL-chT3 Slaskie"]
[Site "Poland"]
[Date "2008.05.10"]
[Round "8.102"]
[White "Gondzik, Dawid"]
[Black "Bojdol, Joanna"]
[Result "1-0"]
[WhiteElo "2024"]
[BlackElo "2075"]
[PlyCount "63"]
[EventDate "2008.02.03"]
[EventType "team-swiss"]
[EventRounds "9"]
[EventCountry "POL"]
[SourceTitle "EXT 2019"]
[Source "ChessBase"]
[SourceDate "2018.10.10"]
[SourceVersion "1"]
[SourceVersionDate "2018.10.10"]
[SourceQuality "1"]

1. d4 Nf6 2. c4 g6 3. Nc3 Bg7 4. e4 d6 5. f3 b6 6. Be3 Bb7 7. Bd3 e6 8. Nge2 Nbd7 9. Qd2 a6 10. 0-0 0-0 11. Bg5 c5 12. d5 Ne5 13. f4 Nxd3 14. Qxd3 Qc7 15. dxe6 fxe6 16. Rad1 Ne8 17. f5 exf5 18. exf5 Rxf5 19. Rxf5 gxf5 20. Nd5 Qf7 21. Ne7+ Kh8 22. Nxf5 Qg6 23. h4 Be5 24. Nc3 Ng7 25. Nh6 Bd4+ 26. Kh2 Be5+ 27. Kh1 Qxd3 28. Rxd3 Rf8 29. Kg1 Ne6 30. Be7 Rf4 31. Ne2 Bd4+ 32. Rxd4 1-0

[Event "POL-chT3 Slaskie"]
[Site "Poland"]
[Date "2008.05.10"]
[Round "7.82"]
[White "Sowa, Bernard"]
[Black "Gondzik, Dawid"]
[Result "0-1"]
[WhiteElo "1921"]
[BlackElo "2024"]
[PlyCount "50"]
[EventDate "2008.02.03"]
[EventType "team-swiss"]
[EventRounds "9"]
[EventCountry "POL"]
[SourceTitle "EXT 2019"]
[Source "ChessBase"]
[SourceDate "2018.10.10"]
[SourceVersion "1"]
[SourceVersionDate "2018.10.10"]
[SourceQuality "1"]

1. e4 c5 2. c3 Nf6 3. e5 Nd5 4. d4 cxd4 5. Nf3 Nc6 6. Bc4 Nb6 7. Bb3 d5 8. exd6 Qxd6 9. cxd4 Bf5 10. 0-0 g6 11. Nc3 Bg7 12. Nb5 Qd7 13. Bf4 0-0 14. Ne5 Nxe5 15. dxe5 Qxb5 16. g4 Rad8 17. Qf3 Be6 18. Qxb7 Bxb3 19. axb3 Rd7 20. Qe4 Qxb3 21. Ra3 Qe6 22. Bg3 Nc4 23. f4 Nxa3 24. bxa3 Qxg4 25. Qc6 Rd2 0-1

[Event "POL-chT3 Slaskie"]
[Site "Poland"]
[Date "2008.02.19"]
[Round "3.5"]
[White "Turlej, Lukasz"]
[Black "Gondzik, Dawid"]
[Result "1-0"]
[WhiteElo "2151"]
[BlackElo "2024"]
[PlyCount "59"]
[EventDate "2008.02.03"]
[EventType "team-swiss"]
[EventRounds "9"]
[EventCountry "POL"]
[SourceTitle "EXT 2019"]
[Source "ChessBase"]
[SourceDate "2018.10.10"]
[SourceVersion "1"]
[SourceVersionDate "2018.10.10"]
[SourceQuality "1"]

1. Nf3 d5 2. c4 c6 3. e3 Nf6 4. b3 e6 5. Bb2 Nbd7 6. d3 Bd6 7. Be2 e5 8. Nbd2 Qe7 9. Qc2 0-0 10. Rc1 Re8 11. cxd5 Nxd5 12. 0-0 f6 13. Kh1 Nf8 14. Rg1 Qf7 15. Ne4 Bc7 16. g4 g5 17. Rg3 Ng6 18. Rcg1 Rd8 19. Rh3 Qe7 20. Rh5 Kg7 21. Qb1 h6 22. h4 Be6 23. d4 gxh4 24. dxe5 fxe5 25. g5 Bf7 26. gxh6+ Kf8 27. h7 Nh8 28. Rhg5 Qe6 29. Ba3+ Ke8 30. Rg8+ 1-0

[Event "POL-chT3 Slaskie"]
[Site "Poland"]
[Date "2008.02.03"]
[Round "2.2"]
[White "Wojciechowski, Adam"]
[Black "Gondzik, Dawid"]
[Result "0-1"]
[WhiteElo "2175"]
[BlackElo "2024"]
[PlyCount "88"]
[EventDate "2008.02.03"]
[EventType "team-swiss"]
[EventRounds "9"]
[EventCountry "POL"]
[SourceTitle "EXT 2019"]
[Source "ChessBase"]
[SourceDate "2018.10.10"]
[SourceVersion "1"]
[SourceVersionDate "2018.10.10"]
[SourceQuality "1"]

1. e4 c5 2. Nc3 Nc6 3. Nge2 e6 4. d4 cxd4 5. Nxd4 Nf6 6. Nxc6 bxc6 7. e5 Nd5 8. Ne4 f5 9. exf6 Nxf6 10. Nd6+ Bxd6 11. Qxd6 Qb6 12. Bd3 c5 13. Qxb6 axb6 14. 0-0 d5 15. Re1 Kf7 16. Bd2 Ba6 17. b4 Bxd3 18. cxd3 Ra3 19. bxc5 bxc5 20. d4 cxd4 21. Bb4 Ra4 22. a3 Rc8 23. Rad1 Rc4 24. h3 Ne4 25. f4 Ra6 26. Rd3 g6 27. Red1 Nc3 28. R1d2 Nb5 29. Kh2 Rc1 30. Rb2 Rc4 31. Rbb3 Rac6 32. a4 Nc7 33. a5 Na6 34. Ba3 Rc3 35. Bb2 Rxb3 36. Rxb3 Nc5 37. Rb4 d3 38. Rd4 Ra6 39. Bc3 d2 40. Rxd2 Ne4 41. Rd3 Nxc3 42. Rxc3 Rxa5 43. Rc7+ Kf6 44. Kg3 Kf5 0-1